000 00911nam a22003017a 4500
001 BR9102380
003 BR-BrBNA
005 20230928093610.0
007 ta
008 230509b bl.||||| |||| 00| 0 por d
040 _aBR-BrBNA
_bpor
_cBiblioteca Nacional de Agricultura
041 _a(Por)
072 _aE40; E16
_b/G514
090 _ E40 BR9102380
100 1 _aAlmeida, A.D.
100 1 _aSiqueira, T. da S.
100 1 _aSilva, S.
110 1 _aDepartamento Nacional de Cooperativismo, Brasilia, DF (Brasil)
_93274
245 1 _aDiagnostico preliminar da Cooperativa Agropecuaria Tocantinense Ltda. - COOPERNORTE
_bProjeto Novas Fronteiras (PNUD/BRA/90/008)
260 3 _aBrasilia, DF (Brasil):
_c1991.
300 _a38 p.
650 _aCOOPERATIVA
650 _aECONOMIA DA PRODUCAO
650 _aDIRETRIZ
650 _aTOCANTINS
909 _a202309
_bLucia
_c55
_dLucia Elande
942 _cBK
999 _c45925
_d45925